000 00500nam a2200145 i 4500
001 87176
003 ES-MaACL
007 t|
008 041220s1903 sp ||||1| cat d
100 1 _aKraemmer, Elías.
_968702
245 1 0 _aCiutadans de bon humor
_b: quadrets de la vida de una petita ciutat noruega /
_cescrits en noruech per Elías Kraemmer ; traducció catalana de C. B.
260 _aBarcelona :
_b[s.n.,
_c1903] (
_fLa Renaixensa)
300 _a252 p. ;
_c22 cm.
852 _aES-MaACL
_jG-12723
999 _c87176
_d87176